Les visages de l'Allemagne à travers la géographie et l'histoire (Record no. 94648)

MARC details
000 -LEADER
campo de control de longitud fija 00771nam a2200205 i 4500
001 - NÚMERO DE CONTROL
campo de control 94648
003 - IDENTIFICADOR DE NÚMERO DE CONTROL
campo de control ES-MaACL
005 - FECHA Y HORA DE LA ÚLTIMA TRANSACCIÓN
campo de control 20230906181527.0
007 - CAMPO FIJO DE DESCRIPCIÓN FÍSICA--INFORMACIÓN GENERAL
campo de control de longitud fija t|
008 - DATOS DE LONGITUD FIJA--INFORMACIÓN GENERAL
campo de control de longitud fija 050511s1931 fr ||||1| fre d
100 1# - ENTRADA PRINCIPAL--NOMBRE DE PERSONA
Nombre de persona Lote, René.
9 (RLIN) 74293
245 14 - MENCIÓN DEL TÍTULO
Título Les visages de l'Allemagne à travers la géographie et l'histoire
Resto del título : paysages, villes, arts, civilisation /
Mención de responsabilidad, etc. René Lote ; dessins de Marthe Rouyer et de Roger Ramus.
260 ## - PUBLICACIÓN, DISTRIBUCIÓN, ETC.
Lugar de publicación, distribución, etc. Grenoble :
Nombre del editor, distribuidor, etc. Didier & Richard,
Fecha de publicación, distribución, etc. [1931]
300 ## - DESCRIPCIÓN FÍSICA
Extensión 147 p. :
Otras características físicas il. ;
Dimensiones 25 cm.
500 ## - NOTA GENERAL
Nota general Extrait des Annales de l'Université de Grenoble, Section lettres-droit, 2e trimestre 1931.
651 #4 - PUNTO DE ACCESO ADICIONAL DE MATERIA--NOMBRE GEOGRÁFICO
Nombre geográfico Alemania-
Subdivisión geográfica Historia.
9 (RLIN) 7658
700 1# - ENTRADA AGREGADA--NOMBRE PERSONAL
Nombre de persona Rouyer, Marthe.
9 (RLIN) 164287
700 1# - ENTRADA AGREGADA--NOMBRE PERSONAL
Nombre de persona Ramus, Roger.
9 (RLIN) 164288
852 ## - LOCALIZACIÓN
Ubicación ES-MaACL
Número de control de estantería A-2173
Holdings
Estatus retirado Estado de pérdida Estado de daño No para préstamo Biblioteca de origen Biblioteca actual Ubicación en estantería Fecha de adquisición Fuente de adquisición Total de préstamos Signatura topográfica completa Código de barras Visto por última vez Precio de reemplazo Tipo de ítem Koha
        Biblioteca del Ateneo de Madrid Biblioteca del Ateneo de Madrid Sala Pecera Planta 1 17/01/2008     A-2173 1098847 23/02/2023 23/02/2023 Libro impreso